000 00482nam a2200133 4500
999 _c11272
_d11272
008 181112b ||||| |||| 00| 0 eng d
082 _aDPer 050 T48 Apr - June 2016, v. 187 n. 12-24
100 _932466
_aForoohar, Rana
245 _aBillions continues to reveal what's wrong with wall street/
_cRana Foroohar.
260 _aHong Kong;
_bTime Asia,
_cc2016.
300 _av187 n12, pages 17-18:
_billustrations;
_c27cm.
650 0 _932467
_aMotion picture industry
942 _2ddc
_cPER